00351nam a2200121Ia 4500008004000000020001800040082001500058100002600073245002900099260004000128300000800168650005300176210210b2004 xxu||||| |||| 00| 0 eng d a81 7371 465 7 a599.5 SATM aSATHASIVAM (Kumaran). aMarine mammals of India. aHyderabadbUniversities Pressc2004 a180 aMarine mammals cetacea whales dolphins porpoises